Production of culture/cultures of production / (Record no. 166711)

MARC details
000 -LEADER
fixed length control field 01251cam a2200301 a 4500
001 - CONTROL NUMBER
control field vtls003042676
003 - CONTROL NUMBER IDENTIFIER
control field MY-SjTCS
005 - DATE AND TIME OF LATEST TRANSACTION
control field 20241024102616.0
008 - FIXED-LENGTH DATA ELEMENTS--GENERAL INFORMATION
fixed length control field 110218s1997 enka b 001 0 eng d
020 ## - INTERNATIONAL STANDARD BOOK NUMBER
International Standard Book Number 0761954368 (pbk.)
020 ## - INTERNATIONAL STANDARD BOOK NUMBER
International Standard Book Number 9780761954361 (pbk.)
035 ## - SYSTEM CONTROL NUMBER
System control number 3546196
039 #9 - LEVEL OF BIBLIOGRAPHIC CONTROL AND CODING DETAIL [OBSOLETE]
Level of rules in bibliographic description 201102181457
Level of effort used to assign nonsubject heading access points VLOAD
Level of effort used to assign subject headings 200708151354
Level of effort used to assign classification pushpa
-- 200703201707
-- pushpa
082 04 - DEWEY DECIMAL CLASSIFICATION NUMBER
Classification number 306.4
Item number PRO
245 00 - TITLE STATEMENT
Title Production of culture/cultures of production /
Statement of responsibility, etc. edited by Paul du Gay.
260 ## - PUBLICATION, DISTRIBUTION, ETC.
Place of publication, distribution, etc. London :
Name of publisher, distributor, etc. Sage, in association with The Open University,
Date of publication, distribution, etc. 1997.
300 ## - PHYSICAL DESCRIPTION
Extent 356 p. :
Other physical details ill. ;
Dimensions 25 cm.
440 #0 - SERIES STATEMENT/ADDED ENTRY--TITLE
Title Culture, media, and identities
9 (RLIN) 22314
500 ## - GENERAL NOTE
General note "D318 Book 4"--Back cover.
504 ## - BIBLIOGRAPHY, ETC. NOTE
Bibliography, etc. note Includes bibliographical references and index.
505 0# - FORMATTED CONTENTS NOTE
Formatted contents note 1. What in the World's going on? - 2. The production of culture - 3. Fashion: Unpacking a cultural production - 4. Circulating culture - 5. Culturing production - 6. Organizing identity: Making up people at work.
650 #4 - SUBJECT ADDED ENTRY--TOPICAL TERM
Topical term or geographic name entry element Consumption (Economics)
General subdivision Social aspects
9 (RLIN) 18145
650 #0 - SUBJECT ADDED ENTRY--TOPICAL TERM
Topical term or geographic name entry element Culture
General subdivision Economic aspects.
9 (RLIN) 21524
650 #0 - SUBJECT ADDED ENTRY--TOPICAL TERM
Topical term or geographic name entry element Culture.
700 1# - ADDED ENTRY--PERSONAL NAME
Personal name Du Gay, Paul.
9 (RLIN) 4502
710 2# - ADDED ENTRY--CORPORATE NAME
Corporate name or jurisdiction name as entry element Open University.
9 (RLIN) 14344
920 ## - Programme
Programme MCS: 203254, 203255, 203541, 203542
Holdings
Withdrawn status Lost status Source of classification or shelving scheme Damaged status Not for loan Home library Current library Date acquired Total Checkouts Barcode Date last seen Date last checked out Copy number Uniform Resource Identifier Koha item type Public note
Withdrawn   Dewey Decimal Classification     Taylor's Library-TU Taylor's Library-TU 15/08/2007 7 5000046997 12/12/2019 20/06/2012 1 Floor 3, Shelf 4 , Side 2, TierNo 5, BayNo 7 Main Collection SOMAC,37000,03,AD
    Dewey Decimal Classification     Taylor's Library-TU Taylor's Library-TU 15/08/2007 7 5000047877 12/12/2019 20/04/2010 1   Main Collection SOMAC,37000,03,AD
Withdrawn   Dewey Decimal Classification     Taylor's Library-TU Taylor's Library-TU 20/03/2007 3 5000046963 12/12/2019 20/04/2010 1 Floor 3, Shelf 4 , Side 2, TierNo 4, BayNo 7 Main Collection SOMAC,37004,03,AD
Withdrawn   Dewey Decimal Classification     Taylor's Library-TU Taylor's Library-TU 20/03/2007 6 5000046999 12/12/2019 27/04/2011 1 Floor 3, Shelf 4 , Side 2, TierNo 4, BayNo 7 Main Collection SOMAC,37004,03,AD